Dörthe Danz; (Record no. 5717)

MARC details
000 -LEADER
fixed length control field 00552cam a22001931 4500
001 - CONTROL NUMBER
control field af 48003672
003 - CONTROL NUMBER IDENTIFIER
control field DLC
005 - DATE AND TIME OF LATEST TRANSACTION
control field 20260227110903.0
008 - FIXED-LENGTH DATA ELEMENTS--GENERAL INFORMATION
fixed length control field 890524s1942 gw 000 0 ger c
010 ## - LIBRARY OF CONGRESS CONTROL NUMBER
LC control number af 48003672
035 ## - SYSTEM CONTROL NUMBER
System control number (OCoLC)19760396
040 ## - CATALOGING SOURCE
Original cataloging agency Yale Univ. Library
Transcribing agency CU
Modifying agency CU
-- DLC
042 ## - AUTHENTICATION CODE
Authentication code premarc
050 00 - LIBRARY OF CONGRESS CALL NUMBER
Classification number PT2635.U77
Item number D6
100 1# - MAIN ENTRY--PERSONAL NAME
Personal name Ruppel, Heinrich,
Dates associated with a name 1886-1974.
245 10 - TITLE STATEMENT
Title Dörthe Danz;
Remainder of title heitere Geschichten.
Statement of responsibility, etc. Mit Umschlagbild von W. Tilcher.
260 ## - PUBLICATION, DISTRIBUTION, ETC.
Place of publication, distribution, etc. Melsungen,
Name of publisher, distributor, etc. A. Bernecker,
Date of publication, distribution, etc. 1942.
300 ## - PHYSICAL DESCRIPTION
Extent 159 p.
Dimensions 19 cm.

No items available.

Powered by Koha